000 00294nam a2200121Ia 4500
008 231106s2020 xx 000 0 und d
041 _aeng
082 _a751.42
100 _aMATTHEW PALMER
245 _aDRAWING PORTRAITS: FACES AND FIGURES
260 _bSEARCH PRESS
_c2020
300 _aP-128
999 _c920147
_d920147